000 00405nam a22001937a 4500
003 UA-OsUOA
001 5478
007 ta
008 20050721b un ||||| |||| 00| 0 ukr d
100 _aCooley
700 _aM.
700 _aPowell
700 _aK.
942 _cBK
040 _aUA-OsUOA
_cUA-OsUOA
_dUA-OsUOA
245 _aMaking Choices. Reading Issues in Context.
955 _a2
650 7 _2UDC
999 _c291640
_d291640